Educación preescolar, métodos, técnica y organización / Cristina Castillo (Registro nro. 2086)

Detalles MARC
000 -LEADER
fixed length control field 00534nam a22002051a 4500
001 - CONTROL NUMBER
control field 2086
003 - CONTROL NUMBER IDENTIFIER
control field OSt
005 - DATE AND TIME OF LATEST TRANSACTION
control field 20260204211758.0
008 - FIXED-LENGTH DATA ELEMENTS--GENERAL INFORMATION
fixed length control field 070109s1991||||sp ||||||b||||||||||spa||
020 ## - NUMERO DE LIBRO INTERNACIONAL NORMALIZADO
International Standard Book Number 8432994022
050 ## - LIBRARY OF CONGRESS CALL NUMBER
Classification number 372 E83p
245 ## - TÍTULO PROPIAMENTE DICHO: SUBTÍTULO
Title Educación preescolar, métodos, técnica y organización / Cristina Castillo
250 ## - MENCIÓN DE EDICIÓN
Edition statement 10
264 ## - PRODUCTION, PUBLICATION, DISTRIBUTION, MANUFACTURE, AND COPYRIGHT NOTICE
Place of production, publication, distribution, manufacture España: Ediciones CEAC
300 ## - PHYSICAL DESCRIPTION
Extensión 254 p
500 ## - GENERAL NOTE
General note Incluye bibliografía
650 ## - ASIENTO SECUNDARIO DE MATERIA -- TERMINO TEMÁTICO
Termino Temático Como Elemento de Entrada 1.Educación Preescolar
700 ## - ASIENTO SECUNDARIO -- NOMBRE PERSONAL
Personal name Castillo, CristinaÌ
942 ## - ADDED ENTRY ELEMENTS (KOHA)
Source of classification or shelving scheme Dewey Decimal Classification
Koha item type Libros
Existencias
Withdrawn status Lost status Source of classification or shelving scheme Damaged status Not for loan Current library Date acquired Total Checkouts Full call number Barcode Date last seen Price effective from Koha item type
    Dewey Decimal Classification     Biblioteca UTECO 09/09/2019   372 E83P 008288 09/09/2019 09/09/2019 Libros
    Dewey Decimal Classification     Biblioteca UTECO 09/09/2019   372 E83P 008289 09/09/2019 09/09/2019 Libros
    Dewey Decimal Classification     Biblioteca UTECO 09/09/2019   372 E83P 008290 09/09/2019 09/09/2019 Libros
    Dewey Decimal Classification     Biblioteca UTECO 09/09/2019   372 E83P 008291 09/09/2019 09/09/2019 Libros
© 2021 Derechos Reservados UTECO - Teléfono: +1 809-585-2291 - Correo electrónico: biblioteca@uteco.edu.do​  
Código postal 43000 ​​
Dirección: Avenida Universitaria No. 100, 
Cotuí, Provincia Sánchez Ramírez, República Dominicana - RNC: 404-00059-6